书目信息 |
| 题名: |
人气法式甜点
|
|
| 作者: | 彭依莎 主编 | |
| 分册: | ||
| 出版信息: | 北京 北京美术摄影出版社 2019 |
|
| 页数: | 153页 | |
| 开本: | 24cm | |
| 丛书名: | 金版饮食文库 | |
| 单 册: | ||
| 中图分类: | TS972.134 | |
| 科图分类: | ||
| 主题词: | 甜食--tian shi--制作--法国 | |
| 电子资源: | ||
| ISBN: | 978-7-5592-0150-8 | |
| 000 | 00994nam 2200241 450 | |
| 001 | 2356466135 | |
| 005 | 20230928154117.48 | |
| 010 | @a978-7-5592-0150-8@dCNY49.00 | |
| 100 | @a20200613d2019 em y0chiy50 ea | |
| 101 | 0 | @achi |
| 102 | @aCN@b110000 | |
| 105 | @aa z 000yy | |
| 200 | 1 | @a人气法式甜点@Aren qi fa shi tian dian@f彭依莎主编 |
| 210 | @a北京@c北京美术摄影出版社@d2019 | |
| 215 | @a153页@c彩图@d24cm | |
| 225 | 2 | @a金版饮食文库@Ajin ban yin shi wen ku |
| 330 | @a法式甜点的浪漫和优雅闻名世界, 马卡龙、星空慕斯、甜甜圈、闪电泡芙、水果挞……每一种都让你垂涎欲滴, 不仅颜值高, 口感更是让人陶醉。本书将带你领略法式甜点的别样风情。不用走出国门, 在书里就能见到让你魂牵梦萦的法式风情甜点, 家里就能做出让你蠢蠢欲动的殿堂甜品, 一不小心就成为了大师级的烘焙达人, 从本书开始。 | |
| 410 | 0 | @12001 @a金版饮食文库 |
| 606 | 0 | @a甜食@Atian shi@x制作@y法国 |
| 690 | @aTS972.134@v5 | |
| 701 | 0 | @a彭依莎@Apeng yi sha@4主编 |
| 801 | 0 | @aCN@b山东中教@c20230928 |
| 905 | @aBZT@dTS972.134@e14 | |
| 人气法式甜点/彭依莎主编.-北京:北京美术摄影出版社,2019 |
| 153页:彩图;24cm.-(金版饮食文库) |
| ISBN 978-7-5592-0150-8:CNY49.00 |
| 法式甜点的浪漫和优雅闻名世界, 马卡龙、星空慕斯、甜甜圈、闪电泡芙、水果挞……每一种都让你垂涎欲滴, 不仅颜值高, 口感更是让人陶醉。本书将带你领略法式甜点的别样风情。不用走出国门, 在书里就能见到让你魂牵梦萦的法式风情甜点, 家里就能做出让你蠢蠢欲动的殿堂甜品, 一不小心就成为了大师级的烘焙达人, 从本书开始。 |
| ● |
| 相关链接 |
|
|
|
正题名:人气法式甜点
索取号:TS972.134/14
 
预约/预借
| 序号 | 登录号 | 条形码 | 馆藏地/架位号 | 状态 | 备注 |
| 1 | 2000970377 | 2000970377 | 第四书库/四28架A面1层4列/ [索取号:TS972.134/14] | 在馆 | |
| 2 | 2000970378 | 2000970378 | 第四书库/四28架A面1层4列/ [索取号:TS972.134/14] | 在馆 | |
| 3 | 2000970379 | 2000970379 | 第四书库/四28架A面1层4列/ [索取号:TS972.134/14] | 在馆 | |
| 4 | 2000970380 | 2000970380 | 第四书库/四28架A面1层4列/ [索取号:TS972.134/14] | 在馆 | |
| 5 | 2000970381 | 2000970381 | 第四书库/四28架A面1层4列/ [索取号:TS972.134/14] | 在馆 | |
| 6 | 2000970382 | 2000970382 | 第四书库/四28架A面1层4列/ [索取号:TS972.134/14] | 在馆 |